000 01038nam2a2200241 4500
001 rc\2842909
005 20260315045930.0
035 _a(NLR Aleph) 007000389
090 _a13575272
_c13575272
100 _a20110630d1929 u y0rusy50 ca
101 0 _arus
102 _aRU
105 _aa z |||||
200 1 _aОбработка дерева строгальными ножами
210 _d[1929]
215 _a8 с.
_cчерт.
461 0 _1001rc\2842905
_12001#$aБеседы по технике$eАвгуст-$fПод ред. Центр. бюро инж.-техн. секций ЦК деревообделочников$vДекабрь 1929 г.
_95715011
_c[Москва]
_d[1929-1930]
_fПод ред. Центр. бюро инж.-техн. секций ЦК деревообделочников
_nБ. и.
_oАвгуст-
_tБеседы по технике
_vДекабрь 1929 г.
700 1 _aТищенко
801 0 _aRU
_bNLR
_gpsbo
801 1 _aRU
_bELAR
_2rusmarc
852 _aNLR
_j30-17/128
942 _cUNSPEC
980 _aNB